Science Quiz

Random Science Quiz

What is that science called? Quiz Stats

 Plays Quiz not verified by Sporcle

Challenge
Share
Tweet
Embed
Score 0/20 Timer 05:00
0 Plays Today
Description Science % Correct
The study of celestial objects in the universe and phenomena that originate outside the Earth’s atmosphereAstronomy
91.7%
A branch of mathematics, associated with the collection, analysis or interpretation and presentation of data.Statistics
76.7%
A branch of science that is concerned with the properties and interactions of time, space, energy and matter.Physics
75%
Scientific study of mental and behavioral processes.Psychology
75%
A scientific investigation of earthquakes as well as structure of the earth, based on the study of seismic waves.Seismology
74.2%
The science concerned with maintaining health and restoring it by treating diseaseMedicine
47.5%
The study of physical evidence of past human societies, recovered through excavation Archaeology
44.2%
A branch of zoology that includes the study of birds.Ornithology
38.3%
It includes the study of interrelationships between living organisms and their environment.Ecology
35.8%
It is the science of classifying all the living things by arranging them in groups according to their relationships with each other.Taxonomy
30%
Description Science % Correct
Extracting the metals from their ores. It also involves purifying the metals and casting useful items from them.Metallurgy
30%
Associated with the study of forces of air acting on objects in motion relative to air.Aerodynamics
28.3%
The study of the earth as well as its features phenomena and inhabitants. It also deals with climate, topography, vegetation and soil.Geography
23.3%
The scientific study of structure, functions and pathology of bones.Osteology
23.3%
The industrial application of living organisms and/or biological techniques developed through basic research.Biotechnology
21.7%
The study of transmission of sound waves, its characteristics and behavior.Acoustics
13.3%
The geological and chemical study of rocksPetrology
12.5%
This branch of science deals with the study and collection of coins, paper money, medals, tokens and similar objects.Numismatics
10.8%
The science of using the fingerprints for the purpose of identification.Dactylography
3.3%
It is a branch of science that deals with the study of soil, including its formation, composition, structure and classification.Pedology
1.7%

You're not logged in!

Compare scores with friends on all Sporcle quizzes.
OR
Log In

You Might Also Like...

Show Comments

Extras

Created Nov 2, 2010ReportNominate
Tags:description

Top Quizzes Today


Score Distribution

Your Account Isn't Verified!

In order to create a playlist on Sporcle, you need to verify the email address you used during registration. Go to your Sporcle Settings to finish the process.

Report this User

Report this user for behavior that violates our Community Guidelines.

Details: